| 000 | 00670nam a22002417a 4500 | ||
|---|---|---|---|
| 003 | IT-MiCISF | ||
| 005 | 20210510114545.0 | ||
| 008 | 210510b ||||| |||| 00| 0 eng d | ||
| 040 | _cIT-MiCISF | ||
| 041 | _ait | ||
| 100 |
_aFarina Marcella _958914 |
||
| 210 | _aRivista di scienze dell'educazione | ||
| 222 | _a03933849 | ||
| 245 | _aLa via dell'educazione nell'umanizzazione della cultura: l'apporto delle donne | ||
| 260 | _c2020 | ||
| 300 | _app. 258-273 | ||
| 310 | _aquadrimestrale | ||
| 362 | _an. 2, maggio-agosto | ||
| 500 | _aeducazione, donna, magistero, società | ||
| 650 |
_aeducazione _956062 |
||
| 654 | _aarticolo | ||
| 942 |
_2ddc _cCR |
||
| 999 |
_c359268 _d359268 |
||